| Поле | Название | Значение |
| |
Тип записи |
a |
| |
Библиографический уровень |
m |
| 001 |
Контрольный номер |
RU/URAIT/561413 |
| 005 |
Дата корректировки |
20260429163702.8 |
| 008 |
Кодируемые данные |
260429s2025 RU y f j 000 0 rus u |
| 020 |
Индекс ISBN |
__ |
| a |
ISBN |
978-5-534-18039-8 |
| c |
Цена, тираж |
1039.00 |
| 040 |
Источник каталогиз. |
__ |
| a |
Служба первич. каталог. |
ИКО Юрайт |
| c |
Служба, преобразующая запись |
ИКО Юрайт |
| e |
Правила каталог. |
RCR |
| 041 |
Код языка издания |
__ |
| a |
Код языка текста |
rus |
| 044 |
Код страны публикации |
__ |
| a |
Код страны публикации |
RU |
| 080 |
Индекс УДК |
__ |
| a |
Индекс УДК |
006(075.8) |
| 084 |
Индекс другой классификации/Индекс ББК |
__ |
| 2 |
Источник индекса |
rubbk |
| a |
Индекс другой классификации/Индекс ББК |
30.10я73 |
| 100 |
Автор |
__ |
| a |
Автор |
Атрошенко Ю. К. |
| q |
Полное имя |
Атрошенко Юлиана Константиновна |
| 245 |
Заглавие |
__ |
| a |
Заглавие |
Метрология, стандартизация и сертификация. Практический курс |
| b |
Продолж. заглавия |
учебник для вузов |
| c |
Ответственность |
Ю. К. Атрошенко, Е. В. Кравченко. |
| 250 |
Сведения об издании |
__ |
| g |
|
пер. и доп |
| a |
Основные сведения об издании |
2-е изд. |
| 256 |
Характеристики компьютерного файла |
__ |
| a |
Характеристики компьютерного файла |
Электрон. дан. |
| 260 |
Выходные данные |
__ |
| a |
Место издания |
Москва |
| b |
Издательство |
Юрайт |
| c |
Дата издания |
2025 |
| 300 |
Физическое описание |
__ |
| a |
Объем |
174 с |
| 440 |
Серия |
__ |
| a |
Серия |
Высшее образование |
| 500 |
Примечания |
__ |
| a |
Примечание |
URL: https://urait.ru/bcode/561413 (дата обращения: 29.04.2026). |
| 520 |
Аннотация |
__ |
| a |
Аннотация |
Целью пособия является закрепление теоретических знаний в области электрических измерений, стандартизации и сертификации, привитие практических навыков применения основных положений и методов метрологии. Выполнение предложенных работ сборника позволяет закрепить теоретический материал в области теплотехнических измерений, стандартизации и сертификации. В сборнике есть разделы лабораторных и практических работ. Задания по метрологии содержат комплексные задачи, позволяющие обобщить большой объем информации. Задания по стандартизации и сертификации направлены на получение практических навыков поиска и анализа нормативной документации в области электроэнергетики и электротехники. Для студентов, обучающихся по направлению «Электроэнергетика и электротехника», а также для студентов, обучающихся по направлениям «Теплоэнергетика и теплотехника», «Энергетическое машиностроение», «Атомные станции: проектирование, эксплуатация и инжиниринг». |
| 538 |
Прим. о системных особенностях |
__ |
| a |
Прим. о системных особенностях |
Режим доступа: Электронно-библиотечная система Юрайт, для авториз. пользователей |
| 653 |
Ключевые слова |
__ |
| a |
Ключевые слова |
Метрология, стандартизация и сертификация |
| 653 |
Ключевые слова |
__ |
| a |
Ключевые слова |
Технические науки |
| 653 |
Ключевые слова |
__ |
| a |
Ключевые слова |
Метрология, стандартизация и сертификация |
| 653 |
Ключевые слова |
__ |
| a |
Ключевые слова |
Метрология, стандартизация |
| 653 |
Ключевые слова |
__ |
| a |
Ключевые слова |
Метрология |
| 653 |
Ключевые слова |
__ |
| a |
Ключевые слова |
Основы стандартизации, сертификации и метрологии |
| 653 |
Ключевые слова |
__ |
| a |
Ключевые слова |
Метрология и стандартизация |
| 653 |
Ключевые слова |
__ |
| a |
Ключевые слова |
Метрология, сертификация и стандартизация |
| 653 |
Ключевые слова |
__ |
| a |
Ключевые слова |
Основы метрологии и стандартизации |
| 653 |
Ключевые слова |
__ |
| a |
Ключевые слова |
Стандартизация и метрология |
| 653 |
Ключевые слова |
__ |
| a |
Ключевые слова |
Основы метрологии |
| 653 |
Ключевые слова |
__ |
| a |
Ключевые слова |
Стандартизация, сертификация и метрология |
| 653 |
Ключевые слова |
__ |
| a |
Ключевые слова |
Стандартизация, метрология и сертификация |
| 653 |
Ключевые слова |
__ |
| a |
Ключевые слова |
Стандартизация, метрология |
| 653 |
Ключевые слова |
__ |
| a |
Ключевые слова |
Основы стандартизации, метрологии и сертификации |
| 653 |
Ключевые слова |
__ |
| a |
Ключевые слова |
Основы метрологии, стандартизации и сертификации |
| 653 |
Ключевые слова |
__ |
| a |
Ключевые слова |
Метрология, стандартизация и сертификация (метрология и технические измерения) |
| 653 |
Ключевые слова |
__ |
| a |
Ключевые слова |
Метрология, стандартизация, сертификация |
| 653 |
Ключевые слова |
__ |
| a |
Ключевые слова |
Основы метрологии, стандартизации, сертификации |
| 700 |
Другие авторы |
__ |
| a |
Другие авторы |
Кравченко Е. В. |
| q |
Полное имя |
Кравченко Евгений Владимирович |
| 856 |
Электронный адрес документа |
40 |
| n |
Местонахождение сервера |
Юрайт |
| g |
|
Электронная книга |
| q |
Тип электронного формата |
html |
| h |
Имя пользователя |
ЮРАЙТ |
| v |
Часы доступа к ресурсу |
20271231 |
| 2 |
Способ доступа |
Показать документ |
| x |
Служебное примечание |
https://urait.ru/book/cover/D5E431E7-5BAD-4FF2-AC5E-2E9C9B66168E |
| u |
URL |
https://urait.ru/bcode/561413 |
| 856 |
Электронный адрес документа |
48 |
| q |
Тип электронного формата |
cover |
| u |
URL |
https://urait.ru/book/cover/D5E431E7-5BAD-4FF2-AC5E-2E9C9B66168E |
| 911 |
|
__ |
| u |
|
0030=https://urait.ru/bcode/561413 |
| 911 |
|
__ |
| u |
|
073a=9785534180398 |
| u |
|
073d=1039.00 |
| 911 |
|
__ |
| u |
|
106a=s |
| 911 |
|
__ |
| u |
|
900l= |
| 952 |
Тип литературы |
__ |
| i |
Дисциплина |
Метрология, стандартизация и сертификация |
| 952 |
Тип литературы |
__ |
| i |
Дисциплина |
Метрология, стандартизация |
| 952 |
Тип литературы |
__ |
| i |
Дисциплина |
Метрология |
| 952 |
Тип литературы |
__ |
| i |
Дисциплина |
Основы стандартизации, сертификации и метрологии |
| 952 |
Тип литературы |
__ |
| i |
Дисциплина |
Метрология и стандартизация |
| 952 |
Тип литературы |
__ |
| i |
Дисциплина |
Метрология, сертификация и стандартизация |
| 952 |
Тип литературы |
__ |
| i |
Дисциплина |
Основы метрологии и стандартизации |
| 952 |
Тип литературы |
__ |
| i |
Дисциплина |
Стандартизация и метрология |
| 952 |
Тип литературы |
__ |
| i |
Дисциплина |
Основы метрологии |
| 952 |
Тип литературы |
__ |
| i |
Дисциплина |
Стандартизация, сертификация и метрология |
| 952 |
Тип литературы |
__ |
| i |
Дисциплина |
Стандартизация, метрология и сертификация |
| 952 |
Тип литературы |
__ |
| i |
Дисциплина |
Стандартизация, метрология |
| 952 |
Тип литературы |
__ |
| i |
Дисциплина |
Основы стандартизации, метрологии и сертификации |
| 952 |
Тип литературы |
__ |
| i |
Дисциплина |
Основы метрологии, стандартизации и сертификации |
| 952 |
Тип литературы |
__ |
| i |
Дисциплина |
Метрология, стандартизация и сертификация (метрология и технические измерения) |
| 952 |
Тип литературы |
__ |
| i |
Дисциплина |
Метрология, стандартизация, сертификация |
| 952 |
Тип литературы |
__ |
| i |
Дисциплина |
Основы метрологии, стандартизации, сертификации |